| 000 | 01092naa a2200289 4500 | ||
|---|---|---|---|
| 001 | 45272 | ||
| 003 | ES-MaCES | ||
| 005 | 20141024124937.0 | ||
| 008 | 000000s2014 sp ||||| t||||||| ||spa d | ||
| 040 |
_aES-MaCES _bspa _cES-MaCES |
||
| 100 | 1 |
_921721 _aRamos Quintana, Margarita Isabel |
|
| 245 | 1 | 0 |
_aDevaluación salarial en España tras la reforma de 2012 _cMargarita I. Ramos Quintana |
| 500 | _aResumen | ||
| 650 | 4 |
_928387 _asalario |
|
| 650 | 4 |
_930448 _asalario bajo |
|
| 650 | 4 |
_928391 _apolítica salarial |
|
| 650 | 4 |
_928388 _adeterminación del salario |
|
| 650 | 4 |
_928362 _anegociación colectiva |
|
| 650 | 4 |
_929892 _areforma legislativa |
|
| 650 | 4 |
_927166 _alegislación del trabajo |
|
| 650 | 4 |
_926964 _aEspaña |
|
| 650 | 4 |
_931808 _a2012 |
|
| 653 | 1 | 0 | _aRelaciones laborales-Empleo |
| 773 | 0 |
_981645 _dMadrid (Príncipe, 5, 28012) Asociación de Cajas de Ahorros para las Relaciones Laborales _o084551 _tDocumentación laboral _w(ES-MaCES)25160 _gn. 100 (2014-I) {10142 R. 084551} ;p. 85-100 |
|
| 902 | _aART Artículo de revista | ||
| 942 |
_2CES _cAR _h2.0. |
||
| 999 |
_c45272 _d45272 |
||